Biggest Cities in Kansas on a Map - Statistics

General Stats
  • This quiz has been taken 435 times
  • The average score is 8 of 10
Answers on the Map
Answers color-coded by a green-red scale on the quiz's map according to % correct below.
 
Answer Stats
Population City % Correct
390,591 Wichita
99%
152,938 Kansas City
96%
126,587 Topeka
96%
191,278 Overland Park
85%
137,472 Olathe
77%
56,832 Manhattan
76%
96,982 Lawrence
75%
46,994 Salina
62%
65,513 Shawnee
54%
53,553 Lenexa
45%
No matching quizzes found
Score Distribution
Percent of People with Each Score
Percentile by Number Answered
Your Score History
You have not taken this quiz